| 000 | 01095nam a2200229 i 4500 | ||
|---|---|---|---|
| 001 | 170630 | ||
| 003 | ES-MaACL | ||
| 005 | 20251201140302.0 | ||
| 008 | 090325s1935 ag |||| | spa d | ||
| 080 | _a821.134.2 (82)-2"18" | ||
| 100 | 1 |
_aGutiérrez, Eduardo, _d1851-1889 _9152235 |
|
| 245 | 1 | 0 |
_aJuan Moreira (1886) _b: drama / _cpor Gutiérrez-Podesta ; [noticia de Carlos Vega]. |
| 260 |
_aBuenos Aires : _b[s.n.], _c1935 ( _fImp. de la Universidad) |
||
| 300 |
_a3 h., 58 p. ; _c23 cm. |
||
| 490 | 1 |
_aSección de documentos. Primera serie. T. VI: teatro en prosa / Facultad de Filosofía y Letras de la Iniversidad de Buenos Aires, Instituto de Literatura Argentina ; _v1 |
|
| 700 | 1 |
_aPodestá, José J., _d1858- _9152236 |
|
| 700 | 0 |
_aVega, Carlos, _d1898-1966 _9113538 |
|
| 710 | 2 |
_aUniversidad de Buenos Aires. _bInstituto de Literatura Argentina. _9139614 |
|
| 830 | 0 | 0 |
_aSección de documentos. _pPrimera serie. _pTeatro en prosa (Instituto de Literatura Argentina) _v1 _9188942 |
| 852 |
_aES-MaACL _jC-6631(4) _z- Enc. en un vol. facticio |
||
| 999 |
_c170630 _d170630 |
||